| 000 | 00596nam a2200217 a 4500 | ||
|---|---|---|---|
| 005 | 20260225064015.0 | ||
| 008 | 010620m19881995es r 000 0 spa d | ||
| 020 | _a8420625574 | ||
| 035 | _aUPN01000108665 | ||
| 049 | _aCG | ||
| 050 | 4 |
_aBJ1144 _bC2.4 |
|
| 100 | 1 |
_aCamps, Victoria _928640 |
|
| 245 | 1 | 0 |
_aEtica, retórica, política / _cVictoria Camps. |
| 260 |
_aMadrid : _bAlianza, _c1988 (1995 impr.). |
||
| 300 | _a139 p. | ||
| 440 | 0 |
_aAlianza universidad ; _v557. _pFilosofía |
|
| 650 | 4 |
_aÉtica _912720 |
|
| 650 | 4 |
_aRetórica _99822 |
|
| 650 | 2 |
_aPolítica _912556 |
|
| 905 | _aLibro | ||
| 999 |
_c82577 _d82577 |
||